| 000 | 00531ntaaa2200181 4500 | ||
|---|---|---|---|
| 003 | 01 | ||
| 005 | 20251027203325.0 | ||
| 008 | 0714s1973 ag 01 | ||
| 020 | _a9789506831523 | ||
| 040 |
_aAR-BaBN _bspa _cAR-BaBN _eaacr _dRIC |
||
| 082 | _a220.07 W93 | ||
| 100 |
_aWrigth, Christopher _936750 |
||
| 245 |
_aGuía del lector de la Biblia : _bla Biblia paso a paso / _cChristopher Wrigth |
||
| 260 |
_aBuenos Aires : _bCerteza, _c2010 |
||
| 300 |
_a221 p. ; _c23x15 cm. |
||
| 650 |
_aINTRODUCCION A LA BIBLIA _911978 |
||
| 942 | _cBK | ||
| 999 |
_c28750 _d28750 |
||